000 00772nam a2200241 u 4500
005 20240228064201.0
008 150121s2011 es r 000 0 spa d
020 _a9788426137630
035 _aUPN01000201358
049 _aI
050 4 _aPZ7
_bM3.64
100 1 _aMaltbíe, P.I
_936728
245 1 0 _aPicasso y Minou /
_cP.I. Maltbíe ; tr. de Teresa Farran i Vert ; il. por Pau Estrada.
250 _a2a ed.
260 _aBarcelona, Esp. :
_bJuventud,
_c2011.
300 _a[40] p. :
_bil. col
534 _pTitulo original:
_tPicasso and Minou
650 4 _aLibros y lectura para niños
_92290
600 1 4 _aPICASSO, PABLO,
_d1881-1973 -
_vLITERATURA JUVENIL
_923539
650 4 _aGATOS -
_vLITERATURA INFANTIL
_910191
905 _aInfantil
999 _c173459
_d173459